Beznadziejnie Narysowane Flagi Państw Świata #2 - Statystyki

Ogólne statystyki
  • Ten quiz został rozwiązany 69 razy
  • Średni wynik to 17 z 20
Statystyki odpowiedzi
Obrazkowy Odpowiedź % Poprawnych
Chiny
100%
Watykan
100%
Arabia Saudyjska
94%
Sri lanka
92%
Indie
91%
Malta
91%
Maroko
91%
Barbados
89%
Papua Nowa Gwinea
89%
Filipiny
87%
Portugalia
87%
Kiribati
83%
Zambia
83%
Azerbejdżan
81%
Andora
75%
Gujana
75%
Kamerun
74%
Dżibuti
72%
Brunei
68%
Serbia
57%
Nie znaleziono quizów pasujących do podanych kryteriów
Rozkład punktacji
Procent ludzi z każdym wynikiem
Percentyl według liczby udzielonych odpowiedzi
Twoja historia wyników
Nie rozwiązałeś tego quizu